<?xml version="1.0" encoding="UTF-8"?>
<record
    xmlns:xsi="http://www.w3.org/2001/XMLSchema-instance"
    xsi:schemaLocation="http://www.loc.gov/MARC21/slim http://www.loc.gov/standards/marcxml/schema/MARC21slim.xsd"
    xmlns="http://www.loc.gov/MARC21/slim">

  <leader>01055cam a2200301 a 4500</leader>
  <datafield tag="999" ind1=" " ind2=" ">
    <subfield code="c">329930</subfield>
    <subfield code="d">329930</subfield>
  </datafield>
  <controlfield tag="001">2892870</controlfield>
  <controlfield tag="003">NUST</controlfield>
  <controlfield tag="005">20170601092414.0</controlfield>
  <controlfield tag="008">870430s1986    pk af         000 0 eng  </controlfield>
  <datafield tag="010" ind1=" " ind2=" ">
    <subfield code="a">   86931357 </subfield>
  </datafield>
  <datafield tag="020" ind1=" " ind2=" ">
    <subfield code="c">Rs125.00</subfield>
  </datafield>
  <datafield tag="040" ind1=" " ind2=" ">
    <subfield code="a">DLC</subfield>
    <subfield code="c">DLC</subfield>
    <subfield code="d">DLC</subfield>
  </datafield>
  <datafield tag="043" ind1=" " ind2=" ">
    <subfield code="a">a-pk---</subfield>
  </datafield>
  <datafield tag="050" ind1="0" ind2="0">
    <subfield code="a">DS392.S55</subfield>
    <subfield code="b">B76 1986</subfield>
  </datafield>
  <datafield tag="082" ind1="0" ind2="0">
    <subfield code="a">954.9/18</subfield>
    <subfield code="2">19</subfield>
  </datafield>
  <datafield tag="100" ind1="1" ind2=" ">
    <subfield code="a">Broh&#x12B;, &#x2BB;Al&#x12B; A&#x1E25;mad.</subfield>
    <subfield code="9">1744</subfield>
  </datafield>
  <datafield tag="245" ind1="1" ind2="0">
    <subfield code="a">History on tombstones :</subfield>
    <subfield code="b">Sind and Baluchistan /</subfield>
    <subfield code="c">Ali Ahmad Brohi.</subfield>
  </datafield>
  <datafield tag="260" ind1=" " ind2=" ">
    <subfield code="a">Jamshoro :</subfield>
    <subfield code="b">Sindhi Adabi Board,</subfield>
    <subfield code="c">[1986?]</subfield>
  </datafield>
  <datafield tag="300" ind1=" " ind2=" ">
    <subfield code="a">264 p., [64] p. of plates :</subfield>
    <subfield code="b">ill. ;</subfield>
    <subfield code="c">23 cm.</subfield>
  </datafield>
  <datafield tag="650" ind1=" " ind2="0">
    <subfield code="a">Sepulchral monuments</subfield>
    <subfield code="z">Pakistan</subfield>
    <subfield code="z">Sindh.</subfield>
    <subfield code="9">1745</subfield>
  </datafield>
  <datafield tag="650" ind1=" " ind2="0">
    <subfield code="a">Sepulchral monuments</subfield>
    <subfield code="z">Pakistan</subfield>
    <subfield code="z">Balochist&#x101;n.</subfield>
    <subfield code="9">1746</subfield>
  </datafield>
  <datafield tag="651" ind1=" " ind2="0">
    <subfield code="a">Sindh (Pakistan)</subfield>
    <subfield code="x">Antiquities.</subfield>
    <subfield code="9">1747</subfield>
  </datafield>
  <datafield tag="651" ind1=" " ind2="0">
    <subfield code="a">Balochist&#x101;n (Pakistan)</subfield>
    <subfield code="x">Antiquities.</subfield>
    <subfield code="9">1748</subfield>
  </datafield>
  <datafield tag="651" ind1=" " ind2="0">
    <subfield code="a">Sindh (Pakistan)</subfield>
    <subfield code="x">History.</subfield>
    <subfield code="9">1749</subfield>
  </datafield>
  <datafield tag="651" ind1=" " ind2="0">
    <subfield code="a">Balochist&#x101;n (Pakistan)</subfield>
    <subfield code="x">History.</subfield>
    <subfield code="9">1750</subfield>
  </datafield>
  <datafield tag="651" ind1=" " ind2="0">
    <subfield code="a">Pakistan</subfield>
    <subfield code="x">Antiquities.</subfield>
    <subfield code="9">1751</subfield>
  </datafield>
  <datafield tag="906" ind1=" " ind2=" ">
    <subfield code="a">7</subfield>
    <subfield code="b">cbc</subfield>
    <subfield code="c">orignew</subfield>
    <subfield code="d">4</subfield>
    <subfield code="e">ncip</subfield>
    <subfield code="f">19</subfield>
    <subfield code="g">y-gencatlg</subfield>
  </datafield>
  <datafield tag="942" ind1=" " ind2=" ">
    <subfield code="2">ddc</subfield>
    <subfield code="c">BK</subfield>
  </datafield>
  <datafield tag="952" ind1=" " ind2=" ">
    <subfield code="0">0</subfield>
    <subfield code="1">0</subfield>
    <subfield code="2">ddc</subfield>
    <subfield code="4">0</subfield>
    <subfield code="7">0</subfield>
    <subfield code="8">NFIC</subfield>
    <subfield code="a">CL</subfield>
    <subfield code="b">CL</subfield>
    <subfield code="c">GEN</subfield>
    <subfield code="d">2017-06-01</subfield>
    <subfield code="l">1</subfield>
    <subfield code="o">954.9/18 BRO</subfield>
    <subfield code="p">S3H-D-231</subfield>
    <subfield code="r">2025-09-11</subfield>
    <subfield code="s">2021-09-30</subfield>
    <subfield code="w">2017-06-01</subfield>
    <subfield code="y">BK</subfield>
  </datafield>
</record>
